| 000 | 003310000a22001210004500 | ||
|---|---|---|---|
| 020 | _a0-590-40497-0 | ||
| 100 | 1 | _aWilder, Laura Ingalls | |
| 245 | 1 | 0 | _aLitle Town on the Prairie / Laura Ingalls Wilder, il. Garbt Williams |
| 260 | _aNew Yor: Scholastic | ||
| 300 | _a304 P. | ||
| 500 | _aNovela Juvenil clásica. Tomo 7 | ||
| 001 | 294 | ||
| 999 |
_c47539 _d47539 |
||